000 01429nam a22002537a 4500
001 432
003 FISKH
005 20240312083957.0
008 230420b cb ||||| |||| 00| 0 eng d
020 _a9781408329511
040 _aFISKH
_beng
_cFISKH
050 _aPZ7
082 _a823.92
100 _aMeres, Jonathan
245 _aMust be washed separately /
_cJonathan Meres
260 _aSydney
_bOrchard
_c2014
300 _a281 pages.
_c20 cm.
490 _aThe world of norm
_vBook 7
505 _aH
520 _aThe seventh hilarious title in the award-winning, laugh-out-loud series, The World of Norm. Perfect for fans of Tom Gates and Diary of a Wimpy Kid. Norm knew it was going to be one of those days when he was woken by the sound of an elephant breaking wind in the next room... Not the best start to a day, but it's about to get a whole lot worse. As if a trip to see his perfect cousins isn't bad enough, they've only gone and got the brand new Call Of Mortal Battle! Not that Norm could play anyway what with being banned off Xbox due to a curious incident of a stinky dog at bath time. Business as usual? ABSO-FLIPPING-LUTELY!!! With brilliantly funny illustrations throughout from Donough O'Malley. Praise for Jonathan Meres: 'Hilarious stuff from one of my comic heroes!' - Harry Hill 'Jonathan Meres is flipping funny!'
521 8 _a490
_bLexile
521 8 _aH
_bRaz-Plus
942 _2lcc
_cBK
_n0
999 _c432
_d432